Tablas de logaritmos y funciones trigonométricas
Salvato in:
| Ente Autore: | |
|---|---|
| Natura: | Libro |
| Lingua: | spagnolo |
| Pubblicazione: |
Valparaíso
Universidad Católica de Valparaíso
1976
|
| Soggetti: | |
| Tags: |
Aggiungi Tag
Nessun Tag, puoi essere il primo ad aggiungerne!!
|
MARC
| LEADER | 00000nam a2200000 a 4500 | ||
|---|---|---|---|
| 001 | UCP3422 | ||
| 003 | CL-VaPUC | ||
| 008 | 990618e19760000CL |||||||||||||||||spa|d | ||
| 082 | 0 | 4 | |a 512.7 |b UNI |2 21 |
| 110 | 2 | |a Universidad Católica de Valparaíso |e author |9 430670 | |
| 245 | 1 | 0 | |a Tablas de logaritmos y funciones trigonométricas |
| 300 | |a 114 p | ||
| 942 | |c BK | ||
| 945 | |d 19990618 00:00:00 |a crobeson | ||
| 260 | |a Valparaíso |b Universidad Católica de Valparaíso |c 1976 | ||
| 650 | 7 | |a TABLAS MATEMATICAS |2 CL-VaPUC |9 260265 | |
| 650 | 0 | |a Logaritmos |9 260266 | |
| 650 | 0 | |a Funciones trigonométricas |9 421678 | |
| 583 | |a last modification |c 19990618 00:00:00 |k Rodrigo Vera | ||
| 999 | |c 281743 |d 281741 | ||
| 952 | |0 0 |1 0 |4 0 |6 512_700000000000000_UNI_1976 |7 0 |8 X |9 322717 |a BIBMAT |b BIBMAT |d 2019-11-20 |i 135096K |l 2 |o 512.7 UNI 1976 |p 135096K |r 2025-01-07 |s 2024-04-15 |w 2019-11-20 |y BK_X |k MAT | ||
| 952 | |0 0 |1 0 |4 0 |6 512_700000000000000_UNI_1976 |7 0 |8 X |9 322718 |a BIBMAT |b BIBMAT |d 2019-11-20 |i 1350978 |o 512.7 UNI 1976 |p 1350978 |r 2025-01-07 |w 2019-11-20 |y BK_X |k MAT | ||